| 000 -CABECERA |
| fixed length control field |
01203nam a22002657a 4500 |
| 003 - IDENTIFICADOR DEL NÚMERO DE CONTROL |
| control field |
AR-CdUCM |
| 008 - DATOS DE LONGITUD FIJA--INFORMACIÓN GENERAL |
| fixed length control field |
190425b ||||| |||| 00| 0 spa d |
| 040 ## - FUENTE DE LA CATALOGACIÓN |
| Agencia/entidad que catalogó originalmente la obra |
MUNICIPALIDAD PROVINCIAL DEL CUSCO |
| Entidad que transcribió la catalogación |
BIBLIOTECA MUNICIPAL DEL CUSCO |
| 082 ## - NÚMERO DE LA CLASIFICACIÓN DECIMAL DEWEY |
| No. de Clasificación |
Eleconom/N°6/1981 |
| 110 ## - ENTRADA PRINCIPAL--NOMBRE DE ENTIDAD CORPORATIVA |
| Nombre de la institución, jurisdicción como entrada principal |
Universidad Nacional de San Antonio Abad del Cusco |
| 9 (RLIN) |
15942 |
| 245 ## - MENCIÓN DE TÍTULO |
| Título |
El Economista / |
| Mención de responsabilidad |
Dirección del Programa Académico de Economía |
| 260 ## - PUBLICACIÓN, DISTRIBUCIÓN, ETC. |
| Lugar de publicación, distribución, etc. |
Cusco : |
| Nombre de la editorial, distribuidor, etc. |
Dirección del Programa Académico de Economía, |
| Fecha de publicación, distribución, etc. |
1981. |
| 300 ## - DESCRIPCIÓN FÍSICA |
| Nº de Páginas Extensión |
32 páginas. : |
| Dimensiones |
29 cm. |
| 440 ## - MENCIÓN DE SERIE/PUNTO DE ACCESO ADICIONAL--TÍTULO |
| Título |
El Economista. |
| Número de la parte/sección de una obra |
Número 6, año 1981 |
| 9 (RLIN) |
47002 |
| 505 ## - NOTA DE CONTENIDO CON FORMATO |
| Nota de contenido formateada |
Contenido: Gobierno local Regional i Turismo. Teresa Flores Ochoa. -- Ante proyecto de ley del canon turístico. Teresa Flores Ochoa. -- Pobreza i desarrollo opciones del mundo en desarrollo. Hollis Chenery. Lucro inflacionario. Luis Paliza Gallegos. -- Intereses. Guillotina Económica. Luis Paliza Gallegos<br/> |
| 541 ## - NOTA DE FUENTE DE ADQUISICIÓN DIRECTA |
| Fuente de adquisición Ej. LIBUN |
Donación |
| 650 ## - PUNTO DE ACCESO ADICIONAL DE MATERIA--TÉRMINO DE MATERIA |
| Descriptor |
Turismo |
| 9 (RLIN) |
47003 |
| 650 ## - PUNTO DE ACCESO ADICIONAL DE MATERIA--TÉRMINO DE MATERIA |
| Descriptor |
Inflacion |
| 9 (RLIN) |
4615 |
| 650 ## - PUNTO DE ACCESO ADICIONAL DE MATERIA--TÉRMINO DE MATERIA |
| Descriptor |
Economía |
| 9 (RLIN) |
382 |
| 700 ## - PUNTO DE ACCESO ADICIONAL--NOMBRE DE PERSONA |
| Nombre Personal |
Flores Ochoa, Teresa |
| 9 (RLIN) |
47004 |
| 700 ## - PUNTO DE ACCESO ADICIONAL--NOMBRE DE PERSONA |
| Nombre Personal |
Chenery, Hollis |
| 9 (RLIN) |
47005 |
| 700 ## - PUNTO DE ACCESO ADICIONAL--NOMBRE DE PERSONA |
| Nombre Personal |
Paliza Gallegos, Luis |
| 9 (RLIN) |
47006 |
| 942 ## - ELEMENTOS DE PUNTO DE ACCESO ADICIONAL (KOHA) |
| Fuente de clasificación |
|
| Tipo de item |
Revistas cusqueñas |
| 945 ## - PROCESAMIENTO DE INFORMACIÓN LOCAL (OCLC) |
| Catalogador |
vhl |